Calmodulin /

Bibliographic Details
Other Authors: Cohen, P. (Philip), 1945-, Klee, Claude B.
Format: Book
Language:English
Published: Amsterdam ; New York : Elsevier, 1988.
Series:Molecular aspects of cellular regulation ; v. 5.
Subjects:

MARC

Tag First Indicator Second Indicator Subfields
LEADER 00000pam a2200000 a 4500
001 in00004455721
005 20191202121139.0
008 880212s1988 ne a b 00100 eng
010 |a  88003738  
020 |a 0444809457 
035 |a (OCoLC)17549574 
035 |9 AAA8198MS 
035 |z (UtOrBLW)3301 
035 |a 4992 
040 |a DLC  |c DLC  |d TMV  |d UtOrBLW 
049 |a TMVM  |c 1 
050 0 0 |a QP552.C28  |b C33 1988 
059 |l MS/BOOK STKS  |v 6  |y 1  |t BOOK  |k CIRCULATING  |i 3238900853536  |n NL  |a QU 55  |b C163 1988 
060 4 |a QU 55  |b C163 1988 
245 0 0 |a Calmodulin /  |c edited by Philip Cohen and Claude B. Klee. 
264 1 |a Amsterdam ;  |a New York :  |b Elsevier,  |c 1988. 
300 |a xxiii, 371 pages :  |b illustrations (some color) ;  |c 25 cm. 
336 |a text  |2 rdacontent  |b txt 
337 |a unmediated  |2 rdamedia 
338 |a volume  |2 rdacarrier  |b nc 
490 1 |a Molecular aspects of cellular regulation ;  |v v. 5 
504 |a Includes bibliographies and index. 
650 2 |a Calmodulin. 
700 1 |a Cohen, P.  |q (Philip),  |d 1945- 
700 1 |a Klee, Claude B. 
830 0 |a Molecular aspects of cellular regulation ;  |v v. 5. 
940 |a copy plain 
999 |a MARS 
999 f f |s 1d58c0c6-a432-368a-9089-b04fb42c7586  |i 5d771eeb-a8dc-3e90-accc-38db972cd7fa  |t 0 
952 f f |p ric  |a Texas A&M University  |b Rellis Campus  |c Joint Library Facility  |d Remote Storage  |t 0  |e QU 55 C163 1988  |h National Library of Medicine classification  |i unmediated -- volume  |m 3238900853536 
998 f f |a QU 55 C163 1988  |t 0  |l Remote Storage